01390nam a22001937a 4500003000900000005001700009008003800026020001800064040002600082082001900108100004000127245005600167260003800223300003100261500005700292505078200349650004501131650002001176DO-SdBNP20260302100709.0210706b 2018 dr a 00| 0 eng d a9789945091038 aDO-SdBNPbspacBNPHU  42A473ua337b221 aÁlvarez Bogaert, Fernando,d1941-10aUna mirada al tiempo /cFernando Álvarez Bogaert. aSanto Domingo : bBúho, c2018. a137 p. ; bil. ; c23 cm.  aIncluye datos biográficos del autor en las solapas0 aUna mirada al tiempo. Prólogo, 9.-- El enorme potencial de la energía solar, 17.-- Ascenso del populismo en algunas economías desarrolladas, 23.-- El pensamiento creativo: motor de grandes cambios en la sociedad, 29.-- Las perspectivas del petróleo, 35.-- La magia de Singapur, 41.-- El secreto del éxito en Alemania, 47.-- La gran sorpresa de las economías en la Eurozona, 54.-- NAFTA: un panorama incierto, 62.-- Canadá: una nación noble y progresista, 71.-- Educación permanente: un nuevo paradigma, 77.-- La globalización: un fenómeno en transición, 83.-- Europa hoy: cambios políticos y económicos, 95.-- Putin: ¿socialista o zarista?, 104.-- La economía global en 2018: un escenario distinto, 113.-- El yin y yan de las redes sociales, 119. 0a Relaciones económicas internacionales 0aGlobalización